Flowers for you (Record no. 8186)
[ view plain ]
| 000 -LEADER | |
|---|---|
| fixed length control field | 00780nam a22001937a 4500 |
| 003 - CONTROL NUMBER IDENTIFIER | |
| control field | GBCCL |
| 005 - DATE AND TIME OF LATEST TRANSACTION | |
| control field | 20241126110645.0 |
| 008 - FIXED-LENGTH DATA ELEMENTS--GENERAL INFORMATION | |
| fixed length control field | 190709b ||||| |||| 00| 0 eng d |
| 040 ## - CATALOGING SOURCE | |
| Transcribing agency | gbc |
| 082 ## - DEWEY DECIMAL CLASSIFICATION NUMBER | |
| Classification number | 248 |
| Item number | BRO |
| 100 ## - MAIN ENTRY--PERSONAL NAME | |
| Personal name | Brownlow, Leroy |
| 9 (RLIN) | 14250 |
| 245 ## - TITLE STATEMENT | |
| Title | Flowers for you |
| 260 ## - PUBLICATION, DISTRIBUTION, ETC. | |
| Place of publication, distribution, etc. | Fort Worth, Tex. : |
| Name of publisher, distributor, etc. | Brownlow Pub. Co., |
| Date of publication, distribution, etc. | ©1963. |
| 300 ## - PHYSICAL DESCRIPTION | |
| Extent | 95 pages : |
| Other physical details | illustrations ; |
| Dimensions | 21 cm |
| 505 ## - FORMATTED CONTENTS NOTE | |
| Formatted contents note | Introduction: the message of flowers --<br/>Flower of faith --<br/>Flower of assurance --<br/>Flower of happiness --<br/>Flower of contentment --<br/>Flower of optimism --<br/>Flower of courage --<br/>Flower of perseverance --<br/>Flower of staying young --<br/>Flower of solitude |
| 650 ## - SUBJECT ADDED ENTRY--TOPICAL TERM | |
| Topical term or geographic name entry element | Christian life -- Church of Christ authors. |
| 9 (RLIN) | 14251 |
| 650 ## - SUBJECT ADDED ENTRY--TOPICAL TERM | |
| Topical term or geographic name entry element | Meditations. |
| 9 (RLIN) | 1412 |
| 942 ## - ADDED ENTRY ELEMENTS (KOHA) | |
| Source of classification or shelving scheme | Dewey Decimal Classification |
| Koha item type | Books |
| Koha issues (borrowed), all copies | 1 |
| Withdrawn status | Lost status | Source of classification or shelving scheme | Damaged status | Not for loan | Home library | Current Library | Shelving location | Date acquired | Total checkouts | Total renewals | Full call number | Barcode | Date last seen | Date last checked out | Copy number | Price effective from | Koha item type |
|---|---|---|---|---|---|---|---|---|---|---|---|---|---|---|---|---|---|
| Dewey Decimal Classification | GRACE BIBLE COLLEGE | GRACE BIBLE COLLEGE | Ministry & Mission | 2019-07-09 | 1 | 1 | 248 BRO | 004289 | 2025-05-01 | 2024-11-08 | c.1 | 2019-07-09 | Books |